<A> Diverse Organizational Culture and Its Impact on Innovative Work Behavior of Municipal Employees
Kontext viery, hodnôt a pravidiel rozmanitej organizačnej kultúry (DOC) a inovatívneho pracovného správania (IWB). Vzťah medzi vierou, hodnotami a pravidlami DOC na mestských úradoch SR a IWB. Definícia diverzity managementu.
Na minha lista:
| Autor principal: | |
|---|---|
| Outros Autores: | , , |
| Formato: | Capítulo de Livro |
| Idioma: | inglês |
| Assuntos: | |
| Tags: |
Sem tags, seja o primeiro a adicionar uma tag!
|
MARC
| LEADER | 00000naa a2200000 4500 | ||
|---|---|---|---|
| 001 | 0273024 | ||
| 005 | 20260304114927.8 | ||
| 041 | 0 | |a eng | |
| 044 | |a CH | ||
| 245 | 1 | 0 | |a <A> Diverse Organizational Culture and Its Impact on Innovative Work Behavior of Municipal Employees |c Nadežda Jankelová, Zuzana Skorková, Zuzana Joniaková, Ildikó Némethová |
| 520 | |a Kontext viery, hodnôt a pravidiel rozmanitej organizačnej kultúry (DOC) a inovatívneho pracovného správania (IWB). Vzťah medzi vierou, hodnotami a pravidlami DOC na mestských úradoch SR a IWB. Definícia diverzity managementu. | ||
| 610 | 2 | 0 | |a manažment |
| 610 | 2 | 0 | |a správanie |
| 610 | 2 | 0 | |a tímy pracovné |
| 610 | 2 | 0 | |a mediácia |
| 610 | 2 | 0 | |a samospráva |
| 610 | 2 | 0 | |a Slovensko |
| 100 | 1 | |a Jankelová, Nadežda, 1966- | |
| 700 | 1 | |a Skorková, Zuzana, 1979- | |
| 700 | 1 | |a Joniaková, Zuzana, 1970- | |
| 700 | 1 | |a Némethová, Ildikó, 1974- | |